000
00297nam a2200133Ia 4500
100
_a
Socha/J./ Hall/ D
942
_c
BK
654
_a
computer
245
_a
Teach Yourself----Visual Basics 3.0
260
_b
BPB Pub
_a
New Delhi
_c
1994
082
_a
5.133
_b
PAN
546
_a
ENGLISH
999
_c
28838
_d
28838